00610nam a22001577a 4500003000900000008004100009040007100050082002000121100002000141245006000161260004800221300002700269505009200296650003200388650003200420AR-CdUCM190223b ||||| |||| 00| 0 spa d aMUNICIPALIDAD PROVINCIAL DEL CUSCOcBIBLIOTECA MUNICIPAL DEL CUSCO a923.2 / bB749. aBothwell, J. H. aAbraham Lincoln :bPresidente mártir /cJ. H.Bothwell aMéxico :bGráfica Panamericana ;c1965. a93 páginas. :c21cm. aContenido: Abraham Lincoln, ideas e ideales, figura y genio, su religión y muerte ... aPresidentes estadounidences aEstados Unidos de América